[Event "Eastern Ontario op"]
[Site "Ottawa"]
[Date "2013.06.22"]
[Round "4"]
[White "Sambuev, Bator"]
[Black "Hamilton, Robert"]
[Result "1/2-1/2"]
[WhiteElo "2689"]
[BlackElo "2355"]
[PlyCount "114"]
[EventDate "2013.06.21"]
[EventRounds "5"]
[EventCountry "CAN"]
[SourceDate "2005.09.12"]

1. d4 Nf6 2. Nf3 e6 3. e3 b6 4. Bd3 Bb7 5. O-O c5 6. c4 Be7 7. Nc3 cxd4 8. exd4
d5 9. Re1 dxc4 10. Bxc4 O-O 11. Bg5 Nc6 12. a3 Rc8 13. Ba2 Nd5 14. Bxd5 Bxg5
15. Be4 Bf6 16. Qc2 Nxd4 17. Bxh7+ Kh8 18. Nxd4 Bxd4 19. Be4 Bxe4 20. Qxe4 Bxc3
21. Re3 Bd2 22. Rd3 Qc7 23. Rxd2 Qc1+ 24. Qe1 Qxe1+ 25. Rxe1 Rc7 26. g3 g6 27.
Red1 Kg7 28. Rd7 Rfc8 29. b4 Kf8 30. Rxc7 Rxc7 31. Rd8+ Ke7 32. Ra8 Kd6 33. h4
Kd5 34. Kg2 Ke5 35. Kh3 f5 36. Rf8 Rg7 37. a4 Kd6 38. g4 Ke7 39. Rb8 fxg4+ 40.
Kxg4 Kf6 41. Rf8+ Ke7 42. Ra8 Kf6 43. a5 Rc7 44. Kg3 Rc3+ 45. f3 Rb3 46. Rxa7
Rxb4 47. a6 Ra4 48. Ra8 Kg7 49. f4 Ra5 50. Kg4 Ra4 51. a7 Ra5 52. Re8 Rxa7 53.
Rxe6 Ra5 54. Rxb6 Kh6 55. Re6 Rf5 56. Re5 Rf6 57. Re3 Rf5 1/2-1/2

[Event "Eastern Ontario op"]
[Site "Ottawa"]
[Date "2013.06.22"]
[Round "4"]
[White "Valdizon, Armando"]
[Black "Zhou, Qiyu"]
[Result "1/2-1/2"]
[WhiteElo "2098"]
[BlackElo "2104"]
[PlyCount "104"]
[EventDate "2013.06.21"]
[EventRounds "5"]
[EventCountry "CAN"]
[SourceDate "2005.09.12"]

1. Nf3 Nf6 2. c4 e6 3. d4 d5 4. g3 Be7 5. Bg2 O-O 6. O-O dxc4 7. Qc2 a6 8. Qxc4
b5 9. Qc2 Bb7 10. Bd2 Nc6 11. e3 Nb4 12. Bxb4 Bxb4 13. Nbd2 Rc8 14. Nb3 Be4 15.
Qd1 Qe7 16. Ne5 c5 17. a3 c4 18. axb4 cxb3 19. Qxb3 Bxg2 20. Kxg2 Nd5 21. Rfc1
Nxb4 22. f3 h6 23. Rc3 Rxc3 24. bxc3 Nd5 25. e4 Nc7 26. Qb4 Re8 27. Qxe7 Rxe7
28. Kf2 f6 29. Nc6 Re8 30. Ke3 Kf7 31. Ra2 Ra8 32. Kd3 Ne8 33. Ra5 Nc7 34. Ra2
Ne8 35. f4 Nd6 36. g4 Nc4 37. Na5 Nxa5 38. Rxa5 Ke7 39. c4 bxc4+ 40. Kxc4 Kd6
41. f5 exf5 42. gxf5 Rc8+ 43. Kd3 Rc6 44. e5+ fxe5 45. dxe5+ Ke7 46. Kd4 Rc1
47. Rxa6 Rd1+ 48. Ke4 Re1+ 49. Kd5 Rd1+ 50. Kc6 Rc1+ 51. Kb6 Rb1+ 52. Kc7 Rf1
1/2-1/2

[Event "Eastern Ontario op"]
[Site "Ottawa"]
[Date "2013.06.22"]
[Round "4"]
[White "Kalra, Agastya"]
[Black "Pacey, Kevin"]
[Result "1/2-1/2"]
[WhiteElo "2145"]
[BlackElo "2213"]
[PlyCount "84"]
[EventDate "2013.06.21"]
[EventRounds "5"]
[EventCountry "CAN"]
[SourceDate "2005.09.12"]

1. e4 c5 2. Nf3 a6 3. c3 d5 4. exd5 Qxd5 5. d4 e6 6. Be2 Nc6 7. O-O Nf6 8. Be3
cxd4 9. cxd4 Be7 10. Nc3 Qd8 11. Ne5 Nb4 12. Qa4+ Bd7 13. Nxd7 Qxd7 14. Bb5 Nc6
15. Bxc6 Qxc6 16. Qxc6+ bxc6 17. Rac1 Kd7 18. Bf4 Bd6 19. Be5 Rhb8 20. b3 Rb4
21. Na4 Ng4 22. Rfd1 f6 23. Nc5+ Ke7 24. Bxd6+ Kxd6 25. a3 Rb6 26. Re1 Re8 27.
Rc4 a5 28. Ra4 Rb5 29. f3 Nh6 30. Rxa5 Rxa5 31. Nb7+ Kd5 32. Nxa5 Nf5 33. Rd1
Rb8 34. Kf2 Rb6 35. b4 Ra6 36. a4 Rb6 37. g4 Nxd4 38. b5 cxb5 39. Ke3 e5 40.
Nb3 bxa4 41. Nxd4 exd4+ 42. Rxd4+ Ke6 1/2-1/2

[Event "Eastern Ontario op"]
[Site "Ottawa"]
[Date "2013.06.23"]
[Round "5"]
[White "Doubleday, William"]
[Black "Sambuev, Bator"]
[Result "0-1"]
[WhiteElo "2057"]
[BlackElo "2689"]
[PlyCount "80"]
[EventDate "2013.06.21"]
[EventRounds "5"]
[EventCountry "CAN"]
[SourceDate "2005.09.12"]

1. d4 Nf6 2. c4 e6 3. g3 Bb4+ 4. Bd2 Bxd2+ 5. Qxd2 O-O 6. Nc3 d5 7. cxd5 exd5
8. Bg2 c6 9. e3 Qe7 10. Nge2 Bf5 11. O-O Nbd7 12. Rae1 Rfe8 13. Nc1 Ne4 14. Qd1
Qb4 15. Nxe4 Bxe4 16. f3 Bg6 17. Qb3 a5 18. a3 Qxb3 19. Nxb3 Nb6 20. Nd2 Na4
21. b3 Nc3 22. a4 Rad8 23. Kf2 Na2 24. Rg1 Nb4 25. Bf1 Nc2 26. Rc1 Nxe3 27. g4
Re7 28. h4 h6 29. h5 Bh7 30. Rc5 f5 31. g5 hxg5 32. Rxg5 f4 33. Bh3 Rde8 34.
Re5 Rxe5 35. dxe5 Rxe5 36. Rxa5 Rxh5 37. Be6+ Kf8 38. Ra8+ Ke7 39. Bg4 Rh2+ 40.
Ke1 Bd3 0-1

[Event "Eastern Ontario op"]
[Site "Ottawa"]
[Date "2013.06.23"]
[Round "5"]
[White "Zhou, Qiyu"]
[Black "Kalra, Agastya"]
[Result "1-0"]
[WhiteElo "2104"]
[BlackElo "2145"]
[PlyCount "49"]
[EventDate "2013.06.21"]
[EventRounds "5"]
[EventCountry "CAN"]
[SourceDate "2005.09.12"]

1. e4 c5 2. Nf3 d6 3. d4 cxd4 4. Nxd4 Nf6 5. Nc3 g6 6. Be3 Bg7 7. f3 Nc6 8. Qd2
O-O 9. O-O-O d5 10. Qe1 e5 11. Nxc6 bxc6 12. exd5 cxd5 13. Bg5 Be6 14. Kb1 Rb8
15. g4 Qb6 16. b3 Rfc8 17. Bxf6 Bxf6 18. Nxd5 Bxd5 19. Rxd5 Rxc2 20. Kxc2 Rc8+
21. Bc4 e4 22. Qxe4 Qb4 23. Kd1 Qc3 24. Ke2 Kf8 25. Rd7 1-0

[Event "Eastern Ontario op"]
[Site "Ottawa"]
[Date "2013.06.23"]
[Round "5"]
[White "Pacey, Kevin"]
[Black "Cova, Ramon"]
[Result "1-0"]
[WhiteElo "2213"]
[BlackElo "2074"]
[PlyCount "87"]
[EventDate "2013.06.21"]
[EventRounds "5"]
[EventCountry "CAN"]
[SourceDate "2005.09.12"]

1. c4 c5 2. Nf3 Nc6 3. d4 cxd4 4. Nxd4 Nf6 5. Nc3 g6 6. g3 Bg7 7. Bg2 O-O 8.
O-O a6 9. e3 Qc7 10. b3 d6 11. h3 Bd7 12. Bb2 Rac8 13. Rc1 Qa5 14. a3 Rfd8 15.
b4 Qb6 16. c5 dxc5 17. Na4 Qa7 18. Rxc5 Be8 19. Qc1 Nxd4 20. Rxc8 Ne2+ 21. Kh2
Nxc1 22. Rxd8 Nd3 23. Bd4 b6 24. Bxb6 Qd7 25. Rxd7 Bxd7 26. Nc5 Ne5 27. Nxd7
Nexd7 28. Bd8 Kf8 29. Bb7 Ke8 30. Bc7 e6 31. Bxa6 Nd5 32. Bd6 Be5 33. Bxe5 Nxe5
34. Bb5+ Kd8 35. Rc1 Nc7 36. Bc6 Kc8 37. Kg2 Kb8 38. Rc3 Ka7 39. a4 Kb6 40. a5+
Ka6 41. f4 Nxc6 42. Rxc6+ Kb7 43. Rxc7+ Kxc7 44. b5 1-0

[Event "Eastern Ontario op"]
[Site "Ottawa"]
[Date "2013.06.23"]
[Round "5"]
[White "Hamilton, Robert"]
[Black "Valdizon, Armando"]
[Result "1-0"]
[WhiteElo "2355"]
[BlackElo "2098"]
[PlyCount "75"]
[EventDate "2013.06.21"]
[EventRounds "5"]
[EventCountry "CAN"]
[SourceDate "2005.09.12"]

1. d4 f5 2. c4 Nf6 3. Nc3 e6 4. g3 d5 5. Bg5 Be7 6. Nf3 O-O 7. Bg2 c6 8. e3
Nbd7 9. O-O h6 10. Bxf6 Bxf6 11. Qe2 Qe7 12. cxd5 cxd5 13. Rab1 a5 14. a3 b5
15. Qd1 Nb6 16. a4 b4 17. Ne2 Bd7 18. Nf4 Rfc8 19. Nd3 Nc4 20. Rc1 g5 21. Re1
g4 22. Nd2 Nxd2 23. Qxd2 Kg7 24. Nc5 h5 25. Bf1 Rc7 26. Bd3 Bg5 27. Rc2 h4 28.
Kf1 hxg3 29. hxg3 Rh8 30. Ke2 f4 31. gxf4 Bxf4 32. Kd1 Bd6 33. Nxd7 b3 34. Rc1
Bb4 35. Qe2 Qxd7 36. Rg1 Rh4 37. Qf3 Kh8 38. Qf6+ 1-0

[Event "Edmonton int. B"]
[Site "Edmonton"]
[Date "2013.06.23"]
[Round "1"]
[White "Rekhson, Vladislav"]
[Black "Reeve, Jeff"]
[Result "1-0"]
[WhiteElo "2187"]
[BlackElo "2326"]
[PlyCount "91"]
[EventDate "2013.06.23"]
[EventRounds "9"]
[EventCountry "CAN"]
[SourceDate "2005.09.12"]

1. e4 c5 2. c3 d6 3. d4 Nf6 4. Bd3 g6 5. Nf3 Bg7 6. O-O O-O 7. h3 Qc7 8. Be3 e5
9. a4 Nh5 10. Na3 Nf4 11. Bxf4 exf4 12. Qd2 Bh6 13. e5 dxe5 14. dxe5 Nc6 15.
Rfe1 Be6 16. Bc4 Rad8 17. Qe2 Qe7 18. Rad1 a6 19. Bxe6 Qxe6 20. Nc4 Rxd1 21.
Rxd1 Rd8 22. Rd6 Rxd6 23. Nxd6 Qe7 24. Qc4 Bf8 25. Qxf4 f5 26. Qc4+ Kg7 27.
Qxc5 Nxe5 28. Nxf5+ gxf5 29. Qxe5+ Qxe5 30. Nxe5 Bd6 31. f4 Kf6 32. Kf2 Ke6 33.
Kf3 Kd5 34. g4 fxg4+ 35. hxg4 b5 36. axb5 axb5 37. Ke3 Be7 38. Kd3 Bf6 39. Nf3
Be7 40. b3 Bd6 41. f5 h6 42. Nd4 b4 43. c4+ Ke5 44. Ne6 h5 45. gxh5 Kxf5 46.
Nd4+ 1-0

[Event "Edmonton int. B"]
[Site "Edmonton"]
[Date "2013.06.24"]
[Round "2"]
[White "Gicev, Blagoj"]
[Black "Rekhson, Vladislav"]
[Result "1-0"]
[WhiteElo "2370"]
[BlackElo "2187"]
[PlyCount "41"]
[EventDate "2013.06.23"]
[EventRounds "9"]
[EventCountry "CAN"]
[SourceDate "2005.09.12"]

1. e4 e5 2. Bc4 Nc6 3. d3 Nf6 4. Nf3 Bc5 5. Nbd2 O-O 6. O-O d5 7. exd5 Nxd5 8.
Re1 Re8 9. c3 h6 10. d4 Bb6 11. dxe5 Nf4 12. Qc2 Be6 13. Bf1 Bg4 14. h3 Bxf3
15. Nxf3 Ng6 16. e6 f5 17. Qxf5 Nh4 18. Nxh4 Qxh4 19. Bd3 Ne7 20. Qh7+ Kf8 21.
Be3 1-0

[Event "Edmonton int. B"]
[Site "Edmonton"]
[Date "2013.06.24"]
[Round "2"]
[White "Zill, Christopher"]
[Black "Botez, Alexandra"]
[Result "1-0"]
[WhiteElo "2214"]
[BlackElo "2065"]
[PlyCount "91"]
[EventDate "2013.06.23"]
[EventRounds "9"]
[EventCountry "CAN"]
[SourceDate "2005.09.12"]

1. e4 e6 2. d4 d5 3. Nc3 Nf6 4. Bg5 Bb4 5. exd5 Qxd5 6. Bxf6 gxf6 7. Qd2 Bxc3
8. Qxc3 Nc6 9. Nf3 Qe4+ 10. Kd2 Qf4+ 11. Qe3 Qxe3+ 12. fxe3 Rg8 13. g3 Ne7 14.
Bd3 Rg7 15. e4 Bd7 16. Rhf1 Ng6 17. Rf2 Ne7 18. Nh4 Ng8 19. c4 Ke7 20. Raf1 Rc8
21. b4 b6 22. c5 Rd8 23. Kc3 Nh6 24. Re2 e5 25. d5 Bh3 26. Rfe1 Rg5 27. Bc4
Rgg8 28. Rf2 Rg5 29. Rd1 Bg4 30. d6+ cxd6 31. cxd6+ Kf8 32. Rdd2 Kg7 33. Be2
Bd7 34. Kb2 Bc6 35. Bf3 Rd7 36. Rf1 f5 37. exf5 Bxf3 38. Rxf3 Kf6 39. h3 e4 40.
Re3 Nxf5 41. Rf2 Ke5 42. Nf3+ Kxd6 43. Rd2+ Kc6 44. Rc3+ Kb5 45. Rxd7 exf3 46.
Rd5+ 1-0

[Event "Edmonton int. B"]
[Site "Edmonton"]
[Date "2013.06.24"]
[Round "2"]
[White "Kalisvaart, Peter"]
[Black "Reeve, Jeff"]
[Result "1/2-1/2"]
[WhiteElo "2198"]
[BlackElo "2326"]
[PlyCount "107"]
[EventDate "2013.06.23"]
[EventRounds "9"]
[EventCountry "CAN"]
[SourceDate "2005.09.12"]

1. d4 Nf6 2. Bg5 Ne4 3. h4 d5 4. Nd2 Bf5 5. e3 c5 6. c3 Qb6 7. Nxe4 Bxe4 8. f3
Bf5 9. g4 Bd7 10. Qb3 Nc6 11. Rh2 f6 12. Qxb6 axb6 13. Bf4 e5 14. dxe5 fxe5 15.
Bg3 Be6 16. Bb5 Bd6 17. a3 O-O-O 18. O-O-O Rhf8 19. g5 Kc7 20. Rf2 c4 21. Ba4
Ne7 22. e4 d4 23. cxd4 exd4 24. Bxd6+ Rxd6 25. f4 Bg4 26. Rdf1 d3 27. Kd2 Nc6
28. Bxc6 bxc6 29. f5 b5 30. Rf4 Bh5 31. e5 Rd5 32. f6 Kd7 33. fxg7 Rg8 34. Re4
Rxg7 35. Nh3 Bg6 36. Re3 Re7 37. Nf4 Rdxe5 38. Rxe5 Rxe5 39. h5 Bxh5 40. Nxh5
Rxg5 41. Nf6+ Ke6 42. Nxh7 Rg2+ 43. Kc1 c5 44. Nf8+ Kd5 45. Nd7 Kd4 46. Rf4+
Ke3 47. Rf1 Rc2+ 48. Kb1 b4 49. Nxc5 b3 50. Na4 Rh2 51. Nc3 d2 52. Rd1 Kd3 53.
Nd5 Ke2 54. Nc3+ 1/2-1/2

[Event "Edmonton int. B"]
[Site "Edmonton"]
[Date "2013.06.23"]
[Round "1"]
[White "Botez, Alexandra"]
[Black "Gicev, Blagoj"]
[Result "0-1"]
[WhiteElo "2065"]
[BlackElo "2370"]
[PlyCount "64"]
[EventDate "2013.06.23"]
[EventRounds "9"]
[EventCountry "CAN"]
[SourceDate "2005.09.12"]

1. d4 Nf6 2. c4 g6 3. f3 Bg7 4. e4 d6 5. Nc3 O-O 6. Nge2 e5 7. Be3 c6 8. Qd2
Nbd7 9. Ng3 a6 10. dxe5 Nxe5 11. Rd1 Be6 12. b3 b5 13. h3 Qa5 14. f4 Nh5 15.
Nge2 Ng3 16. Rg1 Nxe2 17. Kxe2 Nxc4 18. bxc4 Bxc4+ 19. Kf3 Bxc3 20. Qc2 Bxa2
21. Rxd6 b4 22. Rxc6 Rfc8 23. Bb6 Qa3 24. Rxc8+ Rxc8 25. Bd3 b3 26. Qe2 b2 27.
Be3 Rb8 28. Bb1 Bxb1 29. Rxb1 Bd4 30. Kf2 Qxe3+ 31. Qxe3 Bxe3+ 32. Kxe3 a5 0-1

[Event "Edmonton int. B"]
[Site "Edmonton"]
[Date "2013.06.23"]
[Round "1"]
[White "Zill, Christopher"]
[Black "Kalisvaart, Peter"]
[Result "1-0"]
[WhiteElo "2214"]
[BlackElo "2198"]
[PlyCount "105"]
[EventDate "2013.06.23"]
[EventRounds "9"]
[EventCountry "CAN"]
[SourceDate "2005.09.12"]

1. e4 e5 2. Nf3 Nc6 3. Bc4 Nf6 4. d4 exd4 5. e5 d5 6. Bb5 Ne4 7. Nxd4 Bd7 8.
Bxc6 bxc6 9. O-O Bc5 10. Be3 Qe7 11. f3 Ng5 12. f4 Ne4 13. Nd2 O-O 14. Nxe4
dxe4 15. Qe2 f6 16. Nb3 Bxe3+ 17. Qxe3 fxe5 18. Qxe4 Rae8 19. Rae1 Qh4 20. g3
Qh5 21. Qc4+ Be6 22. Qxc6 Bh3 23. Qd5+ Kh8 24. Rf3 Rd8 25. Qc6 exf4 26. Rxf4
Rxf4 27. gxf4 Qg4+ 28. Kh1 Qe2 29. Rg1 Be6 30. Nd4 Qc4 31. Qxe6 Qxd4 32. Qe5
Qd7 33. Re1 h6 34. Qe4 Qg4 35. Rg1 Rd1 36. Rxd1 Qxd1+ 37. Kg2 Qd2+ 38. Kg3 Qc1
39. Qe8+ Kh7 40. Qe4+ Kg8 41. b3 Qg1+ 42. Qg2 Qe3+ 43. Qf3 Qg1+ 44. Kh3 Kf7 45.
a4 g6 46. f5 g5 47. Qd5+ Kf8 48. Qd8+ Kf7 49. Qd7+ Kf8 50. Qc8+ Kg7 51. Qd7+
Kf8 52. Qxc7 h5 53. Qd6+ 1-0

[Event "Edmonton int. B"]
[Site "Edmonton"]
[Date "2013.06.25"]
[Round "3"]
[White "Rekhson, Vladislav"]
[Black "Zill, Christopher"]
[Result "1/2-1/2"]
[WhiteElo "2187"]
[BlackElo "2214"]
[PlyCount "86"]
[EventDate "2013.06.23"]
[EventRounds "9"]
[EventCountry "CAN"]
[SourceDate "2005.09.12"]

1. e4 e6 2. d4 d5 3. Nc3 Bb4 4. e5 c5 5. a3 Bxc3+ 6. bxc3 Qa5 7. Bd2 Qa4 8. Qb1
c4 9. h4 Nc6 10. h5 h6 11. g4 Bd7 12. Ne2 O-O-O 13. Ng3 f6 14. f4 Nge7 15. Bh3
Rdf8 16. O-O Qa5 17. Qe1 fxe5 18. dxe5 Kb8 19. Be3 Ka8 20. Bd4 Qd8 21. Bc5 Rf7
22. Qe3 b6 23. Bd4 Nxd4 24. cxd4 Rhf8 25. Rf2 Nc6 26. Raf1 b5 27. f5 b4 28.
axb4 Nxb4 29. g5 exf5 30. e6 Bxe6 31. Qxe6 Qxg5 32. Kh2 f4 33. Ne2 Rf6 34. Qe7
Nc6 35. Qd7 f3 36. Ng3 Nxd4 37. Ra1 a6 38. Ra5 Qe3 39. Qxd5+ Kb8 40. Ne4 Qf4+
41. Kh1 Qh4 42. Qe5+ Ka8 43. Qd5+ Kb8 1/2-1/2

[Event "Edmonton int. B"]
[Site "Edmonton"]
[Date "2013.06.25"]
[Round "3"]
[White "Botez, Alexandra"]
[Black "Kalisvaart, Peter"]
[Result "1-0"]
[WhiteElo "2065"]
[BlackElo "2198"]
[PlyCount "69"]
[EventDate "2013.06.23"]
[EventRounds "9"]
[EventCountry "CAN"]
[SourceDate "2005.09.12"]

1. d4 d5 2. c4 Nc6 3. Nc3 Nf6 4. Bg5 e6 5. Nf3 Be7 6. e3 h6 7. Bh4 O-O 8. Bxf6
Bxf6 9. h4 dxc4 10. Bxc4 e5 11. d5 Na5 12. Be2 c6 13. b4 cxd5 14. bxa5 Qxa5 15.
Qd2 Rd8 16. Ne4 Qb6 17. Nxf6+ Qxf6 18. Qb2 d4 19. exd4 exd4 20. Rd1 Bg4 21.
Rxd4 Bxf3 22. Rxd8+ Qxd8 23. Bxf3 Qa5+ 24. Qd2 Re8+ 25. Be2 Qb5 26. Kf1 Qb1+
27. Bd1 Qb5+ 28. Kg1 Re5 29. Bf3 Qc4 30. g3 b6 31. Kg2 Ra5 32. Rc1 Qxa2 33.
Rc8+ Kh7 34. Qd3+ g6 35. Qd8 1-0

[Event "Edmonton int. B"]
[Site "Edmonton"]
[Date "2013.06.25"]
[Round "3"]
[White "Reeve, Jeff"]
[Black "Gicev, Blagoj"]
[Result "1-0"]
[WhiteElo "2326"]
[BlackElo "2370"]
[PlyCount "73"]
[EventDate "2013.06.23"]
[EventRounds "9"]
[EventCountry "CAN"]
[SourceDate "2005.09.12"]

1. e4 c5 2. Nf3 e6 3. d4 cxd4 4. Nxd4 a6 5. Nc3 Qc7 6. Bd3 Nf6 7. Qe2 d6 8. O-O
Be7 9. Kh1 b5 10. a4 bxa4 11. Rxa4 O-O 12. Bg5 h6 13. e5 dxe5 14. Bxf6 Bxf6 15.
Qe4 Rd8 16. Rc4 Qd7 17. Nb3 Ra7 18. Nc5 Qe8 19. Qh7+ Kf8 20. N3e4 Ke7 21. Nxf6
gxf6 22. Qxh6 Qh8 23. Qe3 Rc7 24. Ne4 Rxc4 25. Bxc4 Rd4 26. Qa3+ Ke8 27. Qc5
Kd8 28. Qb6+ Ke7 29. Qxb8 Rxe4 30. Qb4+ Kd8 31. Qd6+ Bd7 32. Qb8+ Bc8 33. Qd6+
Bd7 34. Rd1 Qe8 35. Qb8+ Ke7 36. Qd6+ Kd8 37. Bxa6 1-0

[Event "Edmonton int. B"]
[Site "Edmonton"]
[Date "2013.06.26"]
[Round "4"]
[White "Botez, Alexandra"]
[Black "Rekhson, Vladislav"]
[Result "0-1"]
[WhiteElo "2065"]
[BlackElo "2187"]
[PlyCount "76"]
[EventDate "2013.06.23"]
[EventRounds "9"]
[EventCountry "CAN"]
[SourceDate "2005.09.12"]

1. d4 Nf6 2. c4 g6 3. f3 Bg7 4. e4 d6 5. Nc3 Nfd7 6. Nh3 c5 7. d5 O-O 8. Be3
Qa5 9. Qd2 a6 10. Bh6 Ne5 11. Bxg7 Kxg7 12. Nf2 f5 13. Be2 Bd7 14. h4 h6 15. f4
Nf7 16. h5 g5 17. exf5 Bxf5 18. g4 Bh7 19. Nh3 gxf4 20. Bd3 Ne5 21. Be2 f3 22.
Bf1 Nbd7 23. Nf4 Rf6 24. Ne6+ Kh8 25. O-O-O Nxg4 26. Nf4 Nde5 27. Rh4 b5 28.
cxb5 axb5 29. Bxb5 Rb8 30. Ng6+ Bxg6 31. hxg6 Rxg6 32. Bd3 Nxd3+ 33. Qxd3 Qb4
34. Qd2 f2 35. b3 Qd4 36. Qc2 Qf4+ 37. Kb2 Qf6 38. Qd3 Ne3 0-1

[Event "Edmonton int. B"]
[Site "Edmonton"]
[Date "2013.06.26"]
[Round "4"]
[White "Zill, Christopher"]
[Black "Reeve, Jeff"]
[Result "1-0"]
[WhiteElo "2214"]
[BlackElo "2326"]
[PlyCount "81"]
[EventDate "2013.06.23"]
[EventRounds "9"]
[EventCountry "CAN"]
[SourceDate "2005.09.12"]

1. e4 c5 2. Nf3 d6 3. d4 cxd4 4. Nxd4 Nf6 5. Nc3 g6 6. Be2 Bg7 7. O-O O-O 8.
Bg5 Nc6 9. Nb3 Be6 10. Kh1 a6 11. f4 b5 12. Bf3 Rc8 13. Nd5 Bxd5 14. exd5 Na5
15. Nd4 Re8 16. Re1 Qb6 17. c3 b4 18. Nc6 Nxc6 19. dxc6 bxc3 20. bxc3 Qc5 21.
Rc1 e5 22. fxe5 dxe5 23. Bxf6 Bxf6 24. Qd5 Qf2 25. Rf1 Qh4 26. Bg4 Qxg4 27.
Rxf6 Rc7 28. Rcf1 Ree7 29. h3 Qc8 30. Rd6 Kg7 31. Rd1 a5 32. a4 Qa6 33. Re1 f6
34. c4 h5 35. Rd7 Qb6 36. Rd1 Kh6 37. Qd2+ g5 38. Qd6 Rf7 39. c5 Qa7 40. Qe6
Kg6 41. Qxf7+ 1-0

[Event "Edmonton int. B"]
[Site "Edmonton"]
[Date "2013.06.27"]
[Round "5"]
[White "Rekhson, Vladislav"]
[Black "Kalisvaart, Peter"]
[Result "1-0"]
[WhiteElo "2187"]
[BlackElo "2198"]
[PlyCount "69"]
[EventDate "2013.06.23"]
[EventRounds "9"]
[EventCountry "CAN"]
[SourceDate "2005.09.12"]

1. e4 e5 2. Nf3 Nc6 3. Bb5 Nd4 4. Nxd4 exd4 5. O-O c6 6. Ba4 Nf6 7. d3 d5 8. e5
Nd7 9. f4 Nc5 10. Bb3 a5 11. c3 Qb6 12. Kh1 h5 13. f5 Nd7 14. Qe1 a4 15. Bc2 c5
16. c4 Qc6 17. Na3 Be7 18. cxd5 Qxd5 19. Nb5 Qc6 20. Nd6+ Kf8 21. Nxc8 Rxc8 22.
Bf4 h4 23. h3 Nb6 24. Bd1 Nd5 25. Bf3 b5 26. f6 gxf6 27. exf6 Bd6 28. Bxd6+
Qxd6 29. Bxd5 Qxd5 30. Qe7+ Kg8 31. Rf4 Rh5 32. Re1 Rg5 33. Ree4 c4 34. Rxh4 c3
35. Qe8+ 1-0

[Event "Mauricie op"]
[Site "Trois-Rivieres "]
[Date "2013.03.15"]
[Round "1"]
[White "Sambuev, Bator"]
[Black "Sun, Mike"]
[Result "1-0"]
[WhiteElo "2579"]
[BlackElo "2084"]
[PlyCount "73"]
[EventDate "2013.03.15"]
[EventRounds "5"]
[EventCountry "CAN"]
[SourceDate "2005.09.12"]

1. d4 g6 2. e4 Bg7 3. Nf3 c5 4. d5 d6 5. h3 Nf6 6. Nc3 O-O 7. Bd3 Nbd7 8. O-O
Rb8 9. a4 a6 10. Re1 Ne5 11. Nxe5 dxe5 12. a5 Qc7 13. Be3 Bd7 14. b3 Ne8 15.
Na4 Bxa4 16. Rxa4 Nd6 17. c4 f5 18. f3 f4 19. Bf2 b5 20. axb6 Rxb6 21. b4 Rxb4
22. Rxb4 cxb4 23. c5 Nb7 24. Qb3 Nxc5 25. Qc4 Ne6 26. dxe6 Qxc4 27. Bxc4 a5 28.
Ra1 Ra8 29. Bd5 Rb8 30. Rxa5 b3 31. Ra1 b2 32. Rb1 Bf6 33. Kf1 Kg7 34. Ke2 g5
35. Be1 h5 36. Bc3 g4 37. Rxb2 1-0

[Event "Mauricie op"]
[Site "Trois-Rivieres "]
[Date "2013.03.15"]
[Round "1"]
[White "Qin, Zi Yi (Joey)"]
[Black "Robichaud, Louis"]
[Result "1-0"]
[WhiteElo "2459"]
[BlackElo "2053"]
[PlyCount "47"]
[EventDate "2013.03.15"]
[EventRounds "5"]
[EventCountry "CAN"]
[SourceDate "2005.09.12"]

1. Nf3 Nf6 2. g3 g6 3. b3 Bg7 4. Bb2 O-O 5. Bg2 d6 6. d4 Nbd7 7. O-O e5 8. dxe5
Ng4 9. c4 Ngxe5 10. Nxe5 dxe5 11. Nc3 f5 12. Qc2 c6 13. Rad1 Qe7 14. Qc1 Rd8
15. Ba3 Qe8 16. e4 Nf8 17. Bd6 Ne6 18. exf5 Nd4 19. c5 Bxf5 20. Rfe1 Qf7 21. h3
h5 22. Bxe5 Bxe5 23. Rxe5 Nf3+ 24. Bxf3 1-0

[Event "Mauricie op"]
[Site "Trois-Rivieres "]
[Date "2013.03.15"]
[Round "1"]
[White "Trottier, Emile"]
[Black "Berube, Antoine"]
[Result "0-1"]
[WhiteElo "2010"]
[BlackElo "2258"]
[PlyCount "50"]
[EventDate "2013.03.15"]
[EventRounds "5"]
[EventCountry "CAN"]
[SourceDate "2005.09.12"]

1. e4 c5 2. c3 Nf6 3. e5 Nd5 4. d4 cxd4 5. cxd4 d6 6. Nf3 Nc6 7. Bc4 Nb6 8. Bb3
d5 9. O-O Bg4 10. Be3 e6 11. Nc3 Be7 12. Bc2 Rc8 13. Rc1 Nc4 14. b3 Nxe3 15.
fxe3 Qa5 16. Bd3 O-O 17. h3 Bh5 18. Ne2 Nb4 19. Bb1 Nxa2 20. Bxa2 Qxa2 21. Ra1
Qb2 22. Rxa7 Rc2 23. Rxb7 Rxe2 24. Rxe7 Rxg2+ 25. Kh1 Rg3 0-1

[Event "Mauricie op"]
[Site "Trois-Rivieres "]
[Date "2013.03.15"]
[Round "1"]
[White "Laptos, Kris"]
[Black "Poulin, Mathieu"]
[Result "1/2-1/2"]
[WhiteElo "2238"]
[BlackElo "2002"]
[PlyCount "98"]
[EventDate "2013.03.15"]
[EventRounds "5"]
[EventCountry "CAN"]
[SourceDate "2005.09.12"]

1. d4 d5 2. Nf3 Nf6 3. Bf4 e6 4. e3 Bd6 5. Bg3 b6 6. c3 O-O 7. Nbd2 Ba6 8. Bxa6
Nxa6 9. Qe2 Nb8 10. Ne5 Nfd7 11. Nd3 Qe7 12. e4 c6 13. e5 Bc7 14. h4 f6 15.
exf6 Nxf6 16. Bxc7 Qxc7 17. Qxe6+ Kh8 18. O-O-O Nbd7 19. h5 Rae8 20. Qh3 c5 21.
dxc5 bxc5 22. Qh4 Qa5 23. Kb1 Ne4 24. f3 Nxc3+ 25. bxc3 Qxc3 26. Nc1 Rb8+ 27.
Ndb3 c4 28. Qd4 Qxd4 29. Rxd4 cxb3 30. axb3 Rf5 31. Kb2 Nf6 32. h6 Rg5 33. g4
gxh6 34. Rxh6 Kg7 35. Rh2 h5 36. gxh5 Nxh5 37. Nd3 Re8 38. Nb4 Nf6 39. Nc6 Rg3
40. Ra4 Rxf3 41. Rxa7+ Kg6 42. Rg2+ Kh6 43. Ra1 Ree3 44. Nd4 Rf4 45. Rh1+ Nh5
46. Rd1 Nf6 47. Rh1+ Nh5 48. Rg8 Rxd4 49. Rh8+ Kg6 1/2-1/2

[Event "Mauricie op"]
[Site "Trois-Rivieres "]
[Date "2013.03.15"]
[Round "1"]
[White "Thomas, Raymond"]
[Black "Bolduc, Steve"]
[Result "1/2-1/2"]
[WhiteElo "1988"]
[BlackElo "2215"]
[PlyCount "115"]
[EventDate "2013.03.15"]
[EventRounds "5"]
[EventCountry "CAN"]
[SourceDate "2005.09.12"]

1. d3 c5 2. Nf3 g6 3. g3 Bg7 4. Bg2 Nc6 5. c4 e5 6. Nc3 Nge7 7. Ne4 O-O 8. Nd6
a6 9. O-O Qc7 10. Nxc8 Raxc8 11. Rb1 h6 12. a3 a5 13. Bd2 Kh7 14. Bc3 d6 15.
Qd2 f5 16. b4 a4 17. bxc5 dxc5 18. Qb2 Rb8 19. Rfe1 b6 20. e3 Rfd8 21. Red1 g5
22. Ne1 Na7 23. Qc2 Qd7 24. Bb2 Ng6 25. Bh3 g4 26. Bg2 Nc8 27. Bc3 Nd6 28. Ba1
Rdc8 29. Rb2 Qa7 30. Rbb1 b5 31. cxb5 Nxb5 32. Qa2 Qe7 33. Bd5 Nd6 34. Rxb8
Rxb8 35. Rb1 Rxb1 36. Qxb1 Qa7 37. Bc3 Ne7 38. Bg2 Nec8 39. h3 h5 40. hxg4 hxg4
41. Bd5 Nb6 42. Be6 Na8 43. Qb2 Nc7 44. Ba2 Qb7 45. Qa1 Ncb5 46. Bxe5 Nxa3 47.
Qc3 Nab5 48. Qxc5 Bxe5 49. Qxe5 a3 50. Ng2 Qg7 51. Qe6 Qg6 52. Qb3 Kh6 53. Nf4
Qf6 54. d4 Qe7 55. Qg8 Qf6 56. Qb3 Qe7 57. Qg8 Qf6 58. Qb3 1/2-1/2

[Event "Mauricie op"]
[Site "Trois-Rivieres "]
[Date "2013.03.15"]
[Round "1"]
[White "Masse, Hugues"]
[Black "Wilkin, Alain"]
[Result "1-0"]
[WhiteElo "2212"]
[BlackElo "1984"]
[PlyCount "125"]
[EventDate "2013.03.15"]
[EventRounds "5"]
[EventCountry "CAN"]
[SourceDate "2005.09.12"]

1. d4 Nf6 2. c4 e6 3. Nc3 d5 4. cxd5 exd5 5. Bg5 Be7 6. e3 c6 7. Qc2 Nbd7 8.
Bd3 h6 9. Bf4 Nf8 10. Nf3 Ne6 11. Bg3 O-O 12. O-O Nh5 13. Be5 Ng5 14. Nxg5 Bxg5
15. Qe2 g6 16. f4 Bf6 17. Rf2 Ng7 18. Bxf6 Qxf6 19. g4 Qh4 20. Rg2 Bd7 21. Qf2
Qxf2+ 22. Kxf2 b6 23. Rc1 Rac8 24. Ne2 Rfe8 25. Ng1 Kf8 26. Nf3 Re7 27. Ne5 Be8
28. f5 f6 29. Nxg6+ Bxg6 30. fxg6 Rcc7 31. Kf3 Ne6 32. Rgc2 c5 33. dxc5 bxc5
34. h4 c4 35. Bf5 Nc5 36. b3 Ne4 37. bxc4 Rxc4 38. Rxc4 Nd2+ 39. Kf4 Nxc4 40.
e4 Nb6 41. Rc6 dxe4 42. Bxe4 Kg7 43. Rc5 Rd7 44. Kf5 Re7 45. Bc2 Na8 46. Rc6
Re5+ 47. Kf4 Re7 48. h5 Nc7 49. Bb3 a6 50. Rd6 a5 51. Rd8 Ne6+ 52. Bxe6 Rxe6
53. Rd7+ Kg8 54. Rd5 Ra6 55. a4 Ra7 56. Kf5 Kg7 57. Ke6 Ra6+ 58. Rd6 Ra8 59.
Rd7+ Kg8 60. Kxf6 Ra6+ 61. Kf5 Ra8 62. g5 Rf8+ 63. Rf7 1-0